000 00287nam a22001337a 4500
003 SGT
020 _a978-93-5359-251-6
082 _a631.7
_bRED
100 _aREDDY, S.R.
245 _aIRRIGATION AGRONOMY
260 _aLUDHIANA
_bKALYANI
_c2021
300 _a550
942 _2ddc
_cBK
_07
999 _c22193
_d22193